|
|
|
|
| LEADER |
01871nam a2200349 a 4500 |
| 001 |
12082517 |
| 008 |
090511s2001 nyua b 001 0 eng d |
| 010 |
|
|
|a \\\00043583
|
| 020 |
|
|
|a 0471321680 (cloth : alk. paper)
|
| 020 |
|
|
|a 9971513544
|
| 040 |
|
|
|a DLC
|c DLC
|d DLC
|
| 082 |
0 |
0 |
|a 621.3815
|2 21
|
| 245 |
0 |
0 |
|a Analysis and design of analog integrated circuits /
|c Paul R. Gray ... [et al.].
|
| 250 |
|
|
|a 4th ed.
|
| 260 |
|
|
|a New York :
|b Wiley,
|c c2001.
|
| 300 |
|
|
|a xviii, 875 p. :
|b ill. ;
|c 26 cm.
|
| 504 |
|
|
|a Includes bibliographical references and index.
|
| 541 |
1 |
|
|e 00013831
|
| 650 |
|
0 |
|a Linear integrated circuits
|x Computer-aided design.
|
| 650 |
|
0 |
|a Metal oxide semiconductors
|x Computer-aided design.
|
| 650 |
|
0 |
|a Bipolar transistors
|x Computer-aided design.
|
| 700 |
1 |
|
|a Gray, Paul R.,
|d 1942-
|
| 700 |
1 |
|
|a Hurst, Paul J.
|
| 700 |
1 |
|
|a Lewis, Stephen H.
|
| 700 |
1 |
|
|a Meyer, Robert G.
|
| 852 |
4 |
|
|a Ayesha Abed Library
|j Generalshelf
|
| 999 |
|
|
|c 554
|d 554
|
| 952 |
|
|
|0 0
|1 0
|2 ddc
|4 0
|6 621_381500000000000_ANA_2005
|7 0
|9 504
|a BRACUL
|b BRACUL
|c GEN
|d 2009-05-11
|g 546.00
|l 15
|m 97
|o 621.3815 ANA
|p 3010013831
|r 2020-12-14
|s 2020-02-12
|t 2
|w 2009-05-11
|y BK
|
| 952 |
|
|
|0 0
|1 0
|2 ddc
|4 0
|6 621_381500000000000_ANA_2005
|7 0
|9 10576
|a BRACUL
|b BRACUL
|c GEN
|d 2010-05-31
|l 10
|m 63
|o 621.3815 ANA
|p 3010013830
|r 2026-05-07
|s 2026-02-03
|t 1
|w 2010-05-31
|y BK
|
| 952 |
|
|
|0 0
|1 0
|2 ddc
|4 0
|6 621_381500000000000_ANA_2005
|7 0
|9 11293
|a BRACUL
|b BRACUL
|c GEN
|d 2010-06-28
|l 13
|m 140
|o 621.3815 ANA
|p 3010013832
|r 2026-05-20
|s 2026-04-09
|t 3
|w 2010-06-28
|y BK
|
| 952 |
|
|
|0 0
|1 0
|2 ddc
|4 0
|6 621_381500000000000_ANA_2005
|7 0
|9 11294
|a BRACUL
|b BRACUL
|c GEN
|d 2010-06-28
|l 14
|m 94
|o 621.3815 ANA
|p 3010013833
|r 2026-02-24
|s 2025-12-23
|t 4
|w 2010-06-28
|y BK
|
| 952 |
|
|
|0 0
|1 0
|2 ddc
|4 0
|6 621_381500000000000_ANA_2005
|7 0
|9 22102
|a BRACUL
|b BRACUL
|c GEN
|d 2013-03-27
|l 12
|m 108
|o 621.3815 ANA
|p 3010013834
|r 2025-10-07
|s 2025-06-19
|t 5
|w 2013-03-27
|y BK
|